Sports Quiz

Random Sports or Clickable Quiz

Sort the 'R' Teams Quiz Stats

 Plays Quiz Updated Jul 3, 2017

Challenge
Share
Tweet
Embed
Score 0/14 Timer 01:00
0 Plays Today
Question Answer Wrong Answers
Boston Red Sox MLB
95.2%
NBA
0.8%
NFL
0.6%
NHL
0.4%
Oakland Raiders NFL
93.5%
MLB
1.5%
NBA
1%
NHL
0.8%
Washington Redskins NFL
93.1%
MLB
1.9%
NBA
0.9%
NHL
1%
Los Angeles Rams NFL
93%
MLB
1.6%
NBA
1.2%
NHL
1.1%
Houston Rockets NBA
92.9%
MLB
2%
NFL
0.9%
NHL
1.2%
Detroit Red Wings NHL
92.7%
MLB
2.2%
NBA
1%
NFL
1%
Baltimore Ravens NFL
92.3%
MLB
2.4%
NBA
1.4%
NHL
0.9%
Cincinnati Reds MLB
91.7%
NBA
1.2%
NFL
2%
NHL
1.9%
Kansas City Royals MLB
91.5%
NBA
1.9%
NFL
1.6%
NHL
1.8%
Toronto Raptors NBA
89.3%
MLB
1.6%
NFL
0.8%
NHL
5.5%
Texas Rangers MLB
89%
NBA
1.4%
NFL
2.8%
NHL
3.7%
New York Rangers NHL
87.9%
MLB
6.8%
NBA
1.2%
NFL
1.2%
Tampa Bay Rays MLB
87.3%
NBA
2.1%
NFL
2.7%
NHL
4.9%
Colorado Rockies MLB
86.2%
NBA
3.2%
NFL
1.4%
NHL
6.1%

You're not logged in!

Compare scores with friends on all Sporcle quizzes.
Join for Free
OR
Log In

You Might Also Like...

Show Comments

Extras

Top Quizzes Today


Score Distribution

Your Account Isn't Verified!

In order to create a playlist on Sporcle, you need to verify the email address you used during registration. Go to your Sporcle Settings to finish the process.

Report this User

Report this user for behavior that violates our Community Guidelines.

Details: